A olaria nos puncões ou marcas de Ourives (Record no. 46043)
[ view plain ]
| 000 -Etiqueta do registo | |
|---|---|
| Valores | 00522cam a22001931 4500 |
| 100 ## - Dados gerais de processamento | |
| Dados gerais | 19911115d1972 m y0pory5003 ba |
| 101 0# - Língua de publicação | |
| Língua | por |
| 102 ## - País de publicação | |
| País | PT |
| 200 1# - Titulo e menção de responsabilidade | |
| Título próprio | A olaria nos puncões ou marcas de Ourives |
| Primeira menção de responsabilidade | Margarida Ribeiro |
| 210 #9 - Publicação | |
| Local de publicação | Guimarães |
| Nome do editor | [s.n.], |
| Data de publicação | 1972 |
| 215 ## - Descrição física | |
| Paginação / Volumes | 7 p., [1] f. il. |
| Outras indicações físicas | il. |
| Dimensões | 24 cm |
| 305 ## - Nota relativa à edição da publicação | |
| Texto da nota | Sep. Rev. de Guimarães, 82 |
| 675 ## - CDU | |
| Notação | 739.1 |
| Edição | BN |
| Língua | por |
| 675 ## - CDU | |
| Notação | 398 |
| Edição | BN |
| Língua | por |
| 700 #1 - Autor principal | |
| Apelido | Ribeiro, |
| Nome | Margarida, |
| Datas | 1911- |
| 801 #0 - Fonte de origem | |
| País | PT |
| Agência | BN |
| Regras de catalogação | RPC |
| 990 ## - Elementos KOHA | |
| Tipo de documento | Livro |
| Aquisição | Empréstimo | Código de barras | Cota | Permissão de empréstimo | Tipo de documento | Nota relativa ao exemplar |
|---|---|---|---|---|---|---|
| Fundo Local do Concelho | Fundo Local do Concelho | 057200 | 738 RIB | Consulta presencial | Livro | fotocópia do original |